[Event "Fast SC for New Members"]
[Site "SchemingMind.com"]
[Date "2007.01.13"]
[Round "-"]
[White "cursodeimpuestos"]
[Black "LaFrentz"]
[Result "1-0"]
[WhiteCountry "AUS"]
[BlackCountry "GER"]
[WhiteElo "1849"]
[WhiteRD "189"]
[BlackElo "1433"]
[BlackRD "170"]
[GameID "86467"]

1. e4 e5 2. Nf3 Nc6 3. Nc3 Bc5 4. Bc4 h6 5. O-O Nf6 6. d3 O-O 7. h3 a6 8. Be3 Qe7 9. Nh4 Bxe3 10. fxe3 d6
11. Ng6 Qd8 12. Nxf8 Qxf8 13. Rxf6 gxf6 14. Nd5 Qd8 15. Qh5 Be6 16. Rf1 Bxd5 17. Bxd5 Qe7 18. Rf3
1-0

[Event "Fast SC for New Members"]
[Site "SchemingMind.com"]
[Date "2007.01.10"]
[Round "-"]
[White "LaFrentz"]
[Black "cursodeimpuestos"]
[Result "0-1"]
[WhiteCountry "GER"]
[BlackCountry "AUS"]
[WhiteElo "1433"]
[WhiteRD "170"]
[BlackElo "1849"]
[BlackRD "189"]
[GameID "86468"]

1. d4 Nf6 2. c4 e6 3. Nc3 Bb4 4. Bd2 O-O 5. Nf3 b6 6. a3 Bxc3 7. Bxc3 Bb7 8. e3 Ne4 9. Qc2 Nxc3 10. Qxc3 d6
11. Be2 Nd7 12. O-O Qe7 13. Rad1 a5 14. a4 f5 15. b3 Rad8 16. Rd2 Nf6 17. Bd3 Ne4 18. Bxe4 fxe4 19. Ne1 Rf5 20. f3 exf3
21. Nxf3 Be4 22. Rdf2 Rdf8 23. Qd2 R8f6 24. Qe1 Bd3 25. Nh4 Bxf1 26. Nxf5 exf5 27. Qxf1 Qxe3 28. h3 Qxd4 29. Kh1 f4 30. Qe1 h6
31. Re2 f3 32. Re8+ Kh7 33. Qb1+ Rg6 34. Rh8+ Kxh8 35. Qxg6 f2
0-1

[Event "Fast SC for New Members"]
[Site "SchemingMind.com"]
[Date "2007.01.11"]
[Round "-"]
[White "silent hunter"]
[Black "LaFrentz"]
[Result "0-1"]
[WhiteCountry "ENG"]
[BlackCountry "GER"]
[WhiteElo "1391"]
[WhiteRD "152"]
[BlackElo "1577"]
[BlackRD "130"]
[GameID "86510"]

1. Nf3 d6 2. c4 e5 3. Nc3 Nc6 4. g3 Nf6 5. Bg2 Be7 6. O-O O-O 7. b3 Be6 8. Bb2 a6 9. Ne1 Qd7 10. e3 Rad8
11. Ne2 d5 12. cxd5 Bxd5 13. Bxd5 Qxd5 14. d4 Ne4 15. Nc2 f5 16. f3 Ng5 17. dxe5 Nxf3+ 18. Kf2 Qe4 19. Ned4 Ncxe5 20. Ke2 c5
21. Rxf3 Nxf3 22. Kf2 cxd4 23. Bxd4 Nxd4 24. Nxd4 Bc5 25. Qf3 Bxd4 26. Qxe4 fxe4+ 27. Ke2 Bxa1
0-1

[Event "Fast SC for New Members"]
[Site "SchemingMind.com"]
[Date "2007.01.11"]
[Round "-"]
[White "silent hunter"]
[Black "cursodeimpuestos"]
[Result "0-1"]
[WhiteCountry "ENG"]
[BlackCountry "AUS"]
[WhiteElo "1286"]
[WhiteRD "245"]
[BlackElo "1849"]
[BlackRD "189"]
[GameID "86511"]

1. d4 d5 2. c4 e6 3. Nc3 c5 4. e3 Nf6 5. Nf3 Nc6 6. b3 cxd4 7. Nxd4 e5 8. Nxc6 bxc6 9. cxd5 Bb4 10. Bd2 cxd5
11. Bb5+ Bd7 12. Qe2 O-O 13. O-O d4 14. Nb1 Bxb5 15. Qxb5 Bxd2 16. Nxd2 dxe3 17. Nc4 exf2+ 18. Rxf2 Ne4 19. Rff1 Qd4+ 20. Kh1 Nf2+
21. Rxf2 Qxa1+ 22. Rf1 Qxf1#
0-1

[Event "Fast SC for New Members"]
[Site "SchemingMind.com"]
[Date "2007.01.11"]
[Round "-"]
[White "LaFrentz"]
[Black "silent hunter"]
[Result "1-0"]
[WhiteCountry "GER"]
[BlackCountry "ENG"]
[WhiteElo "1577"]
[WhiteRD "130"]
[BlackElo "1391"]
[BlackRD "152"]
[GameID "86512"]

1. d4 d5 2. c4 c6 3. e3 Nf6 4. Nc3 e6 5. Nf3 Bb4 6. Bd2 Nbd7 7. Be2 O-O 8. O-O a6 9. a3 Bxc3 10. Bxc3 Re8
11. Re1 Qc7 12. Rc1 Ne4 13. Nd2 Nxc3 14. Rxc3 Nf6 15. b4 b5 16. cxb5 axb5 17. Nf3 Ne4 18. Rb3 f6 19. Nd2 Nxd2 20. Qxd2 e5
21. Rc1 e4 22. Rbc3 Qe7 23. R1c2 Bb7 24. Bxb5 Rac8 25. Bxc6 Bxc6 26. Rxc6 Qd7 27. Qc1 Rc7 28. Rxc7 Qe7 29. Rxe7 Rxe7 30. Rc7 Kf7
31. Rxe7+ Kxe7 32. Qc6
1-0

[Event "Fast SC for New Members"]
[Site "SchemingMind.com"]
[Date "2007.01.14"]
[Round "-"]
[White "cursodeimpuestos"]
[Black "silent hunter"]
[Result "1-0"]
[WhiteCountry "AUS"]
[BlackCountry "ENG"]
[WhiteElo "1901"]
[WhiteRD "157"]
[BlackElo "1210"]
[BlackRD "130"]
[GameID "86513"]

1. e4 e5 2. Nf3 Nc6 3. Nc3 d6 4. d4 Bg4 5. Bb5 Bd7 6. Bxc6 Bxc6 7. dxe5 dxe5 8. Qxd8+ Rxd8 9. Nxe5 Bb4 10. Nxc6 Bxc3+
11. bxc3 bxc6 12. Rb1 Nf6 13. f3 O-O 14. Rb7 Rd7 15. Rxa7 Rfd8 16. Ke2 Kf8 17. a4 Rc8 18. a5 c5 19. Ba3 Ke8 20. Bxc5 c6
21. Rb1 Rxa7 22. Bxa7 Nd7 23. Rb7 c5 24. Bb6 Rc6 25. Rc7 Ne5 26. Rxc6 Nxc6 27. a6 Kd7 28. a7 Nxa7 29. Bxa7 c4 30. Ke3 Kc6
31. Kd4 Kb5 32. f4 f6 33. Kd5 g6 34. e5 fxe5 35. fxe5
1-0

[Event "Fast SC for New Members"]
[Site "SchemingMind.com"]
[Date "2007.01.11"]
[Round "-"]
[White "dsangiorgi"]
[Black "LaFrentz"]
[Result "0-1"]
[WhiteCountry "ITA"]
[BlackCountry "GER"]
[WhiteElo "1231"]
[WhiteRD "168"]
[BlackElo "1577"]
[BlackRD "130"]
[GameID "86646"]

1. d4 g6 2. Nf3 Bg7 3. e4 e6 4. Nc3 d5 5. exd5 exd5 6. Qe2+ Be6 7. Bg5 Ne7 8. Qb5+ Nbc6 9. O-O-O O-O 10. Qxb7 Rb8
11. Qa6 Rb6 12. Qa4 Re8 13. Ne5 Nxe5 14. dxe5 Bxe5 15. Bb5 c6 16. Bxe7 Qxe7 17. Bxc6 Reb8 18. f4 Bxf4+ 19. Qxf4 Rxb2 20. Kd2 Qc5
21. Ba4 R8b4 22. Qe3 d4 23. Qd3 dxc3+ 24. Qxc3 Rd4+ 25. Qxd4 Qxd4+ 26. Kc1 Qb4 27. Rd8+ Kg7 28. Bb3 Qa3 29. Rf1 Rxb3+ 30. Kd2 Qb4+
31. Ke2 Bg4+ 32. Rf3 Bxf3+ 33. gxf3 Qe7+ 34. Kf2 Qe3+ 35. Kg3 Qxf3+ 36. Kh4 Qf4#
0-1

[Event "Fast SC for New Members"]
[Site "SchemingMind.com"]
[Date "2007.01.12"]
[Round "-"]
[White "dsangiorgi"]
[Black "cursodeimpuestos"]
[Result "0-1"]
[WhiteCountry "ITA"]
[BlackCountry "AUS"]
[WhiteElo "1352"]
[WhiteRD "145"]
[BlackElo "1814"]
[BlackRD "165"]
[GameID "86647"]

1. d4 Nf6 2. c4 e6 3. Nf3 b6 4. Bg5 Bb7 5. e3 h6 6. Bh4 Be7 7. Nc3 Ne4 8. Nxe4 Bxe4 9. Bg3 O-O 10. Bd3 Bb4+
11. Kf1 Bb7 12. a3 Be7 13. Ne5 d6 14. Nf3 c5 15. dxc5 bxc5 16. Qb3 Qc7 17. Qc3 Nd7 18. h4 Rab8 19. b4 Bxf3 20. gxf3 Bf6
21. Qc2 Bxa1 22. Be4 cxb4 23. Kg2 b3 24. Qe2 Be5 25. Rb1 Nc5 26. Bd3 Bxg3 27. fxg3 Nxd3 28. Qxd3 Rfc8 29. Rxb3 Rxb3 30. Qxb3 Qxc4
31. Qb7 Qe2+ 32. Kh3 Qf1+ 33. Kg4 h5+ 34. Kxh5 Rc5+ 35. Kg4 f5+ 36. Kg5 Qh3 37. Kg6 Qxg3+ 38. Kh5 f4+
0-1

[Event "Fast SC for New Members"]
[Site "SchemingMind.com"]
[Date "2007.01.12"]
[Round "-"]
[White "dsangiorgi"]
[Black "silent hunter"]
[Result "1-0"]
[WhiteCountry "ITA"]
[BlackCountry "ENG"]
[WhiteElo "1319"]
[WhiteRD "159"]
[BlackElo "1210"]
[BlackRD "118"]
[GameID "86648"]

1. e4 e6 2. Nc3 b6 3. d4 Bb4 4. Nf3 Bb7 5. a3 Bxc3+ 6. bxc3 Bxe4 7. Bd3 Bb7 8. Ne5 d6 9. Nf3 Nf6 10. Bg5 O-O
11. O-O Nbd7 12. Rb1 c5 13. a4 Rb8 14. Bb5 Qc7 15. Bxd7 Nxd7 16. Bf4 Rbc8 17. Ng5 h6 18. Nh3 Qc6 19. Qg4 f5 20. Qg6 Rf6
21. Qg3 Kf7 22. f3 Rg6 23. Qf2 Nf6 24. Rfe1 Nd5 25. Bd2 Qxa4 26. Nf4 Nxf4 27. Bxf4 Rd8 28. Ra1
1-0

[Event "Fast SC for New Members"]
[Site "SchemingMind.com"]
[Date "2007.01.11"]
[Round "-"]
[White "LaFrentz"]
[Black "dsangiorgi"]
[Result "1-0"]
[WhiteCountry "GER"]
[BlackCountry "ITA"]
[WhiteElo "1577"]
[WhiteRD "130"]
[BlackElo "1231"]
[BlackRD "168"]
[GameID "86649"]

1. Nf3 d5 2. d4 Nc6 3. c4 Nf6 4. Nc3 e6 5. e3 Bb4 6. Bd2 Ne4 7. a3 Be7 8. cxd5 Qxd5 9. Nxd5 exd5 10. Bb5 O-O
11. O-O Bg4 12. Be2 a5 13. h3 Bf5 14. Ne5 Nxe5 15. dxe5 Nc5 16. b4 axb4 17. Bxb4 Rfd8 18. Qc1 b6 19. Bxc5 bxc5 20. Rd1 c4
21. a4 c6 22. a5 Bc5 23. Qc3 g6 24. Ra2 Rdb8 25. a6 Rb1 26. Rxb1 Bxb1 27. Ra1 Bf5 28. Qa5 Ba7 29. Qc7 Bb8 30. Qxc6 Ra7
31. Qe8+ Kg7 32. Qxb8 Re7 33. a7 c3 34. a8=Q c2 35. Qf8#
1-0

[Event "Fast SC for New Members"]
[Site "SchemingMind.com"]
[Date "2007.01.12"]
[Round "-"]
[White "cursodeimpuestos"]
[Black "dsangiorgi"]
[Result "1-0"]
[WhiteCountry "AUS"]
[BlackCountry "ITA"]
[WhiteElo "1895"]
[WhiteRD "178"]
[BlackElo "1231"]
[BlackRD "168"]
[GameID "86650"]

1. e4 e5 2. Nf3 d6 3. d4 Nc6 4. Bb5 Bd7 5. Nc3 a6 6. Bxc6 Bxc6 7. dxe5 dxe5 8. Qxd8+ Rxd8 9. Nxe5 Nf6 10. Bg5 Bb4
11. Nxc6 bxc6 12. Ke2 O-O 13. Bxf6 gxf6 14. Rhd1 Rfe8 15. Rxd8 Rxd8 16. Rd1 Rxd1 17. Nxd1 Bd6 18. Ne3 Bxh2 19. g3 Kf8 20. Kf3 Bg1
21. Kg2 Bxf2 22. Kxf2 Ke7 23. Kf3 Kd6 24. Kf4 c5 25. Kf5
1-0

[Event "Fast SC for New Members"]
[Site "SchemingMind.com"]
[Date "2007.01.12"]
[Round "-"]
[White "silent hunter"]
[Black "dsangiorgi"]
[Result "0-1"]
[WhiteCountry "ENG"]
[BlackCountry "ITA"]
[WhiteElo "1286"]
[WhiteRD "245"]
[BlackElo "1697"]
[BlackRD "251"]
[GameID "86651"]

1. c4 Nf6 2. d4 d5 3. Nc3 c6 4. e3 e6 5. Nf3 Na6 6. c5 b6 7. Bxa6 Bxa6 8. Qa4 Qc8 9. b4 bxc5 10. Qxc6+ Qxc6
11. bxc5 Ne4 12. Ne5 Qc7 13. Bd2 Nxc3 14. Bxc3 f6 15. Nf3 e5 16. Kd2 exd4 17. exd4 Qf4+ 18. Kc2 Qe4+
0-1

[Event "Fast SC for New Members"]
[Site "SchemingMind.com"]
[Date "2007.01.14"]
[Round "-"]
[White "Doesburg"]
[Black "dsangiorgi"]
[Result "1-0"]
[WhiteCountry "NED"]
[BlackCountry "ITA"]
[WhiteElo "1768"]
[WhiteRD "154"]
[BlackElo "1231"]
[BlackRD "168"]
[GameID "86837"]

1. e4 e5 2. Nf3 Nc6 3. Bb5 Nf6 4. O-O d6 5. c3 a6 6. Bxc6+ bxc6 7. d4 Nxe4 8. Re1 Bf5 9. Qa4 Qd7 10. dxe5 Bg4
11. Qxe4 d5 12. Qf4 Be7 13. Nd4 O-O 14. Nxc6 Qxc6 15. Qxg4 g6 16. Bg5 Bc5 17. b4 Bb6 18. Bf6 Rfe8 19. Qh3 Qxf6 20. Qg3 c6
21. Nd2 Qf5 22. Nf3 Qc2 23. Nd4 Bxd4 24. cxd4 Qd2 25. Rad1 Qxb4 26. h4 h5 27. Re3 Rab8 28. e6 Qe7 29. Rde1 Kg7 30. Qf4 Rf8
31. exf7 Qxf7 32. Re7 Rbe8 33. Rxf7+ Rxf7 34. Qc1 Rc8 35. Re6 Rcf8 36. Qxc6 Rxf2 37. Rxg6+ Kh8 38. Rh6+ Kg7 39. Qg6#
1-0

[Event "Fast SC for New Members"]
[Site "SchemingMind.com"]
[Date "2007.01.14"]
[Round "-"]
[White "Doesburg"]
[Black "LaFrentz"]
[Result "1-0"]
[WhiteCountry "NED"]
[BlackCountry "GER"]
[WhiteElo "1768"]
[WhiteRD "154"]
[BlackElo "1577"]
[BlackRD "130"]
[GameID "86838"]

1. e4 c5 2. Nf3 d6 3. d4 cxd4 4. Nxd4 e5 5. Nf3 Nf6 6. Nc3 g6 7. Bg5 Be7 8. Bb5+ Bd7 9. Bxf6 Bxf6 10. Qxd6 Qe7
11. Qxe7+ Bxe7 12. O-O-O Bxb5 13. Nxb5 Na6 14. Nd6+ Bxd6 15. Rxd6 O-O 16. Nxe5 Nc5 17. f3 Rae8 18. Ng4 Kg7 19. Rhd1 Re6 20. c4 Rc8
21. Kb1 a5 22. Rxe6 Nxe6 23. b3 a4 24. Kb2 Nc5 25. Ne3 axb3 26. axb3 Rc6 27. Nd5 Ne6 28. Nb4 Rc7 29. g3 h5 30. Kc3 b5
31. Rd5 bxc4 32. bxc4 Ra7 33. Kb3 Kh6 34. c5 Ra5 35. c6 Ra7 36. Kc4 Rc7 37. Rd7 Kg7 38. Rxc7 Nxc7 39. Nd5
1-0

[Event "Fast SC for New Members"]
[Site "SchemingMind.com"]
[Date "2007.01.16"]
[Round "-"]
[White "Doesburg"]
[Black "cursodeimpuestos"]
[Result "0-1"]
[WhiteCountry "NED"]
[BlackCountry "AUS"]
[WhiteElo "1400"]
[WhiteRD "230"]
[BlackElo "1849"]
[BlackRD "189"]
[GameID "86839"]

1. e4 e5 2. Nc3 Nf6 3. f4 d5 4. fxe5 Nxe4 5. Nf3 Be7 6. d3 Nxc3 7. bxc3 O-O 8. Be2 f6 9. O-O fxe5 10. Nxe5 Nd7
11. Nxd7 Bxd7 12. Bf4 Bg5 13. Be5 c6 14. Bf3 Be3+ 15. Kh1 Qg5 16. d4 Be6 17. Rb1 b5 18. Qe2 Rae8 19. Bh5 g6 20. Rxf8+ Rxf8
21. Bf3 Bc8 22. Rxb5 Ba6 23. c4 Bxb5 24. cxb5 Bf4 25. Bxf4 Qxf4 26. h3 cxb5 27. Qe6+ Kg7 28. Qxd5 Re8 29. Qd7+ Kf8 30. Kg1 Qg3
0-1

[Event "Fast SC for New Members"]
[Site "SchemingMind.com"]
[Date "2007.01.13"]
[Round "-"]
[White "Doesburg"]
[Black "silent hunter"]
[Result "1-0"]
[WhiteCountry "NED"]
[BlackCountry "ENG"]
[WhiteElo "1898"]
[WhiteRD "125"]
[BlackElo "1210"]
[BlackRD "118"]
[GameID "86840"]

1. e4 e5 2. Nc3 Nc6 3. f4 d6 4. Nf3 Bg4 5. Bb5 Ne7 6. O-O exf4 7. d4 g6 8. Bxf4 Bg7 9. Ne2 a6 10. Ba4 O-O
11. c3 f5 12. Bb3+ Kh8 13. Ng5 Qc8 14. Ne6 Re8 15. Nxg7 Kxg7 16. e5 dxe5 17. dxe5 Qd8 18. Qc2 Bxe2 19. Qxe2 Nd5 20. Bg3 Qd7
21. Rad1 Nce7 22. Bxd5 Nxd5 23. c4 c6 24. cxd5 cxd5 25. Rd4 Qe6 26. Rfd1 Rad8 27. Qd2 Rd7 28. Rxd5 Qb6+ 29. Bf2 Qc6 30. Rxd7+ Kg8
31. Rd8 Qe6 32. Rxe8+ Qxe8 33. Qd5+
1-0

[Event "Fast SC for New Members"]
[Site "SchemingMind.com"]
[Date "2007.01.14"]
[Round "-"]
[White "dsangiorgi"]
[Black "Doesburg"]
[Result "0-1"]
[WhiteCountry "ITA"]
[BlackCountry "NED"]
[WhiteElo "1231"]
[WhiteRD "168"]
[BlackElo "1768"]
[BlackRD "154"]
[GameID "86842"]

1. d4 Nf6 2. c4 g6 3. Nf3 Bg7 4. Nc3 O-O 5. Bg5 d6 6. e3 Nbd7 7. Nd5 c6 8. Nxf6+ Nxf6 9. Bd3 e5 10. dxe5 dxe5
11. Nxe5 Qa5+ 12. Qd2 Qxe5 13. e4 Nxe4 14. Qe3 Nxg5 15. Qxe5 Bxe5 16. O-O Ne6 17. Rab1 Nf4 18. Be4 Be6 19. b3 Rad8 20. Rfe1 Bc3
21. Re3 Bd2 22. Rg3 Ne2+ 23. Kf1 Nxg3+ 24. hxg3 Rd4 25. f3 f5 26. Bc2 Re8 27. Rd1 Bc8 28. f4 c5 29. Kf2 b6 30. a4 Bb7
31. Kf1 Bc3 32. Ra1 Rd2 33. Re1 Rxe1+ 34. Kxe1 Rxc2+
0-1

[Event "Fast SC for New Members"]
[Site "SchemingMind.com"]
[Date "2007.01.14"]
[Round "-"]
[White "LaFrentz"]
[Black "Doesburg"]
[Result "0-1"]
[WhiteCountry "GER"]
[BlackCountry "NED"]
[WhiteElo "1433"]
[WhiteRD "170"]
[BlackElo "1400"]
[BlackRD "230"]
[GameID "86843"]

1. d4 Nf6 2. c4 g6 3. Nc3 Bg7 4. e3 O-O 5. Nf3 d6 6. Be2 Nbd7 7. O-O e5 8. Re1 c6 9. b3 e4 10. Nd2 d5
11. Bb2 a6 12. f3 Bh6 13. f4 g5 14. cxd5 gxf4 15. exf4 cxd5 16. Nf1 Bxf4 17. Bc1 Qc7 18. Bxf4 Qxf4 19. Qc1 Qxc1 20. Raxc1 Rd8
21. Ne3 Nf8 22. Rf1 Kg7 23. Na4 Be6 24. Rc3 Rac8 25. Nc5 b6 26. Nxe6+ Nxe6 27. Bxa6 Rxc3 28. Nf5+ Kf8 29. Nh6 Rd7 30. Rxf6 Kg7
31. Ng4 Ra7 32. Be2 h5
0-1

[Event "Fast SC for New Members"]
[Site "SchemingMind.com"]
[Date "2007.01.16"]
[Round "-"]
[White "cursodeimpuestos"]
[Black "Doesburg"]
[Result "1-0"]
[WhiteCountry "AUS"]
[BlackCountry "NED"]
[WhiteElo "1849"]
[WhiteRD "189"]
[BlackElo "1400"]
[BlackRD "230"]
[GameID "86844"]

1. e4 c5 2. Nf3 d6 3. d4 cxd4 4. Nxd4 Nf6 5. Nc3 a6 6. Bg5 e6 7. f4 Be7 8. Qf3 Qc7 9. O-O-O Nbd7 10. g4 b5
11. a3 Bb7 12. Bxf6 Nxf6 13. g5 Nd7 14. Bh3 Nc5 15. Rhg1 Rc8 16. f5 Bxe4 17. Nxe4 Nxe4 18. Qxe4
1-0

[Event "Fast SC for New Members"]
[Site "SchemingMind.com"]
[Date "2007.01.14"]
[Round "-"]
[White "silent hunter"]
[Black "Doesburg"]
[Result "0-1"]
[WhiteCountry "ENG"]
[BlackCountry "NED"]
[WhiteElo "1391"]
[WhiteRD "152"]
[BlackElo "1768"]
[BlackRD "154"]
[GameID "86845"]

1. Nf3 Nf6 2. c4 g6 3. d4 Bg7 4. Nc3 O-O 5. e3 d6 6. Bd3 Nbd7 7. b3 e5 8. dxe5 dxe5 9. Bb2 c6 10. O-O Re8
11. Ne4 Qc7 12. Qd2 Nxe4 13. Bxe4 Nc5 14. Qc2 f5 15. Bd3 e4 16. Bxg7 Qxg7 17. Bxe4 Nxe4 18. Rac1 Be6 19. Nd4 c5 20. Nxe6 Rxe6
21. f3 Ng5 22. Rce1 Rae8 23. Kf2 f4 24. exf4 Qd4+ 25. Kg3 Rxe1 26. Rxe1 Rxe1 27. fxg5 Qe5+ 28. Kf2 Qe3+ 29. Kg3 Qxg5+ 30. Kf2 Qh4+
31. g3 Qxh2+ 32. Kxe1 Qxc2
0-1